A konferenciaszervezés folyamatának és aktuális trendjeinek vizsgálata a Day Holiday Kft. példáján keresztül

Bibliographic Details
Main Author: Kiss Alexa Virág
Other Authors: Boros Kitti
Format: Thesis
Kulcsszavak:konferencia
konferenciaszervezés
rendezvényszervezés
trendek
turizmus
Online Access:http://dolgozattar.uni-bge.hu/59473

MARC

LEADER 00000nta a2200000 i 4500
001 dolg59473
005 20260409145117.0
008 260409suuuu hu om 000 hun d
040 |a BGE Dolgozattár Repozitórium  |b hun 
041 |a hu 
100 1 |a Kiss Alexa Virág 
245 1 2 |a A konferenciaszervezés folyamatának és aktuális trendjeinek vizsgálata a Day Holiday Kft. példáján keresztül  |c Kiss Alexa Virág  |h [elektronikus dokumentum] 
520 3 |a A szakdolgozat a konferenciaszervezés gyakorlatát és az aktuális trendeket vizsgálja a Day Holiday Kft. példáján keresztül. A kutatás célja, hogy feltárja a konferenciaszervezés lépéseit, a COVID–19 világjárvány hatásait és az ezekre adott válaszokat, valamint az iparágban megjelenő innovációkat, mint például a technológiai fejlődés és a fenntarthatóság szerepét. A dolgozat kvalitatív módszertannal, félig strukturált interjúk segítségével gyűjtött adatokat, amely alapján részletes betekintést nyújt a vállalat alkalmazkodási stratégiáiba és a rendezvényszervezés jövőbeni irányába. Az eredmények rámutatnak arra, hogy a Day Holiday Kft. sikeresen reagált a változó piaci kihívásokra személyre szabott megoldásokkal, hibrid rendezvényekkel és fenntartható működéssel. 
695 |a konferencia 
695 |a konferenciaszervezés 
695 |a rendezvényszervezés 
695 |a trendek 
695 |a turizmus 
700 1 |a Boros Kitti  |e ths 
856 4 0 |u http://dolgozattar.uni-bge.hu/59473/1/Konferenciaszervez%C3%A9s%20%C3%A9s%20trendek%20a%20DH%20p%C3%A9ld%C3%A1j%C3%A1n%20kereszt%C3%BCl_Kiss%20Alexa%20Vir%C3%A1g.pdf  |z Dokumentum-elérés 
856 4 0 |u http://dolgozattar.uni-bge.hu/59473/2/Day%20Holiday%20megalakul%C3%A1sa%20-%20K%C3%A9rd%C3%A9sek.pdf  |z Dokumentum-elérés 
856 4 0 |u http://dolgozattar.uni-bge.hu/59473/3/Konferenciaszervez%C3%A9s%2C%20innov%C3%A1ci%C3%B3k%20%C3%A9s%20trendek%20-%20Interj%C3%BA%20k%C3%A9rd%C3%A9sek.pdf  |z Dokumentum-elérés 
856 4 0 |u http://dolgozattar.uni-bge.hu/59473/4/Kiss%20Alexa%20Vir%C3%A1g_konzulens_Boros%20Kitti.pdf  |z Dokumentum-elérés 
856 4 0 |u http://dolgozattar.uni-bge.hu/59473/5/Kiss%20Alexa%20Vir%C3%A1g_B%C3%ADr%C3%A1lati%20lap_KN_BSc_2025.pdf  |z Dokumentum-elérés